| 000 | 00685cam a22002412 4500 | ||
|---|---|---|---|
| 001 | 0000005753 | ||
| 005 | 20170406120950.0 | ||
| 008 | 150421s xx 000 0 eng d | ||
| 020 | _c$ | ||
| 040 |
_aYour Holding Symbol _cYour Holding Symbol |
||
| 100 | 1 | _aGeorge Arthur Buttrick. | |
| 245 | 1 | 4 | _aThe interpreter's bible. |
| 250 | _a ed. | ||
| 260 |
_aNew york : _bNashville, _c1951. |
||
| 300 |
_a917 p. ; _c cm. |
||
| 504 | _aindex. | ||
| 650 | 0 | _ainterpreter's bible. | |
| 908 | _a150421 | ||
| 999 |
_c5528 _d5528 |
||